Q&A Review for the NCLEX-PN Examination / (Record no. 5602)

MARC details
000 -LEADER
fixed length control field 00587nam a2200205 4500
003 - CONTROL NUMBER IDENTIFIER
control field OSt
005 - DATE AND TIME OF LATEST TRANSACTION
control field 20170228181042.0
008 - FIXED-LENGTH DATA ELEMENTS--GENERAL INFORMATION
fixed length control field 170228b xxu||||| |||| 00| 0 eng d
020 ## - INTERNATIONAL STANDARD BOOK NUMBER
International Standard Book Number 9781416062011
040 ## - CATALOGING SOURCE
Transcribing agency 040a
082 ## - DEWEY DECIMAL CLASSIFICATION NUMBER
Classification number WY 18
Item number 538s 2010
100 ## - MAIN ENTRY--PERSONAL NAME
Personal name Silvestri, Linda Anne
9 (RLIN) 11705
245 ## - TITLE STATEMENT
Title Q&A Review for the NCLEX-PN Examination /
Statement of responsibility, etc. Linda Anne Silvestri
250 ## - EDITION STATEMENT
Edition statement 4th.ed.
260 ## - PUBLICATION, DISTRIBUTION, ETC. (IMPRINT)
Place of publication, distribution, etc. Missouri
Name of publisher, distributor, etc. Saunders Elsevier
Date of publication, distribution, etc. 2010
300 ## - PHYSICAL DESCRIPTION
Extent xix, 652p;
Dimensions 30 cm.
504 ## - BIBLIOGRAPHY, ETC. NOTE
Bibliography, etc Includes bibliographical references and index
650 ## - SUBJECT ADDED ENTRY--TOPICAL TERM
Topical term or geographic name as entry element NCLEX
9 (RLIN) 11706
942 ## - ADDED ENTRY ELEMENTS (KOHA)
Source of classification or shelving scheme Other/Generic Classification Scheme
Koha item type Open Shelf
Holdings
Withdrawn status Lost status Source of classification or shelving scheme Damaged status Not for loan Home library Current library Date acquired Source of acquisition Inventory number Total Checkouts Full call number Barcode Date last seen Price effective from Koha item type
    Other/Generic Classification Scheme     MUST Main Library MUST Main Library 28/02/2017   2011/35053   WY 18 538s 2010 2017-0285 28/02/2017 28/02/2017 Open Shelf